<?xml version="1.0" encoding="UTF-8"?>
<collection xmlns="http://www.loc.gov/MARC21/slim">
 <record>
  <leader>01468nam a2200193Ia 4500</leader>
  <controlfield tag="001">CTU_132036</controlfield>
  <controlfield tag="008">210402s9999    xx            000 0 und d</controlfield>
  <datafield tag="020" ind1=" " ind2=" ">
   <subfield code="c">3240000</subfield>
  </datafield>
  <datafield tag="082" ind1=" " ind2=" ">
   <subfield code="a">637.17</subfield>
  </datafield>
  <datafield tag="082" ind1=" " ind2=" ">
   <subfield code="b">H236</subfield>
  </datafield>
  <datafield tag="245" ind1=" " ind2="0">
   <subfield code="a">Handbook of milk of non-bovine mammals</subfield>
  </datafield>
  <datafield tag="245" ind1=" " ind2="0">
   <subfield code="c">Edited by Young W. Park, George F.W. Haenlein</subfield>
  </datafield>
  <datafield tag="260" ind1=" " ind2=" ">
   <subfield code="a">Ames, Iowa</subfield>
  </datafield>
  <datafield tag="260" ind1=" " ind2=" ">
   <subfield code="b">Blackwell Pub.</subfield>
  </datafield>
  <datafield tag="260" ind1=" " ind2=" ">
   <subfield code="c">2006</subfield>
  </datafield>
  <datafield tag="520" ind1=" " ind2=" ">
   <subfield code="a">The book comprehensively covers the most important aspects of milk production including: trends and methods of raw milk production in different regions; compositional, nutritional, therapeutic, physico-chemical, and microbiological characteristics of the milks; processing technology; and types, distribution and consumption of the manufactured products from minor species milks. Of special note is coverage comparing specific human health attributes of milk from the various species, including nutritional, allergenic, immunological, and cultural factors. Because secondary dairy species have such a significant impact on human well-being and survival in many parts of the world, the Handbook of Milk of Non-Bovine Mammals is an essential reference book of leading-edge information for dairy scientists, nutritionists, food chemists, allergy specialists, health professionals, and allied professionals</subfield>
  </datafield>
  <datafield tag="650" ind1=" " ind2=" ">
   <subfield code="a">Milk.,Livestock,Dairying,Gia súc,Sữa,Bơ sữa</subfield>
  </datafield>
  <datafield tag="904" ind1=" " ind2=" ">
   <subfield code="i">Huỳnh Mai</subfield>
  </datafield>
  <datafield tag="980" ind1=" " ind2=" ">
   <subfield code="a">Trung tâm Học liệu Trường Đại học Cần Thơ</subfield>
  </datafield>
 </record>
</collection>
